Difúzne modely nových produktov a ich postavenie vo výskume spotrebiteľského správania
Objasnenie historického kontextu inovácie, vysvetlenie pojmového aparátu a zhrnutie hlavných východísk pre aktuálny výskum spotrebiteľského správania v procese prijímania inovácie. Vysvetlenie základnej varianty difúzneho modelu podľa Bassa.
Gespeichert in:
| 1. Verfasser: | |
|---|---|
| Format: | Buchkapitel |
| Sprache: | Slowakisch |
| Schlagworte: | |
| Tags: |
Keine Tags, Fügen Sie das erste Tag hinzu!
|
MARC
| LEADER | 00000nla$a2200000$$$4500 | ||
|---|---|---|---|
| 001 | 0125138 | ||
| 005 | 20240502072426.3 | ||
| 041 | 0 | |a slo | |
| 044 | |a SK | ||
| 245 | 1 | 0 | |a Difúzne modely nových produktov a ich postavenie vo výskume spotrebiteľského správania |c Mária Vasiľová |
| 520 | |a Objasnenie historického kontextu inovácie, vysvetlenie pojmového aparátu a zhrnutie hlavných východísk pre aktuálny výskum spotrebiteľského správania v procese prijímania inovácie. Vysvetlenie základnej varianty difúzneho modelu podľa Bassa. | ||
| 610 | 2 | 0 | |a inovácia |
| 610 | 2 | 0 | |a modely |
| 610 | 2 | 0 | |a výrobky nové |
| 610 | 2 | 0 | |a tržby |
| 610 | 2 | 0 | |a prognózovanie |
| 610 | 2 | 0 | |a správanie spotrebiteľa |
| 100 | 1 | |a Vasiľová, Mária, 1985- | |